000 01047nam a2200289 i 4500
001 000007045
003 DO-SdBNP
005 20230809134939.0
007 ta
008 090904s1950 dr 000 0 spa d
040 _aDO-SdBNP
_bspa
_cBNPHU
_erda
082 _a346.7293
_bR426c, 1950
_222
110 1 _aRepública Dominicana
_9447
240 1 0 _aCódigo Civil
245 1 0 _aCódigo civil de la República Dominicana :
_bleyes que lo modifican y lo complementan /
_cedición preparada por Fabio T. Rodríguez C.
264 _aCiudad Trujillo, República Dominicana :
_bMontalvo,
_c1950.
300 _a534 paginas ;
_c23 cm.
336 _2rdacontent
_atexto
_btxt
337 _2rdamedia
_asin mediación
_bn
338 _2rdacarrier
_avolumen
_bnc
504 _aIncluye referencias bibliográficas y notas al pie de las páginas
590 _aInventariado, 2023 / DG
650 4 _aDerecho civil
_zRepública Dominicana
_91058
700 1 2 _aRodríguez C., Fabio T.,
_eed.
_919577
910 _aValidado. Control de calidad MFF
942 _2ddc
_cLBS1
999 _c6828
_d6828